00516nam a2200181 a 4500001001300000003000900013005001700022008004100039020002300080082001500103100002300118245007100141260003800212300000900250500003500259650001700294700002300311nice12345678IN_TiNIC20260116015338.0100205s1980 u.sa grp 000 0 eng  a0933552092 c10000a232.4bNUR aNursi, Bediuzzaman aResurrection and the Hereafterb A Decisive Proof of Their Reality aU.S.A. bGolden Horn Press c1980 a187p aincludes index and biblioraphy aResurrection1 aNursi, Bediuzzaman